000 00434nam a2200181Ia 4500
001 23021
005 20260414150909.0
008 260414t2000||||xx |||||||||||||| ||spa||
041 _aESP
082 _a624.1762
_bS735
100 _aSennett, Robert E.
_eAUT
245 0 _aMatrix analysis of structures
_b
260 _c2000
300 _axii, 228 páginas :
_c23 cm.
650 _a0
654 _aCIC
942 _cLIB
_dJUS
_fJUS
_2ddc
_n
999 _c23021
_d23021